书目信息 |
| 题名: |
孔府档案选编
|
|
| 作者: | ;中国社科院 编 | |
| 分册: | 上册 | |
| 出版信息: | 北京 中华书局 1982.6 |
|
| 页数: | 398页 | |
| 开本: | 20cm | |
| 丛书名: | ||
| 单 册: | ||
| 中图分类: | K206.3 | |
| 科图分类: | ||
| 主题词: | 中国--通史--档案资料 | |
| 电子资源: | ||
| ISBN: | ||
| 000 | 00516nam0 2200181 45 | |
| 001 | 0312221749 | |
| 005 | 20070731091141.44 | |
| 010 | @dCNY2.70 | |
| 100 | @a20031222d1982 km y0chiy0120 ea | |
| 101 | @achi | |
| 200 | 1 | @a孔府档案选编@AKong Fu Dang An Xuan Bian@h上册@f中国社科院编@FZhong GuoShe Ke Yuan Bian |
| 210 | @a北京@c中华书局@d1982.6 | |
| 215 | @a398页@d20cm | |
| 606 | 0 | @a中国@x通史@x档案资料 |
| 690 | @aK206.3@v3 | |
| 711 | 02 | @a中国社科院@4编 |
| 801 | @aCN@bTSTCL@c20070731 | |
| 905 | @dK206.3@e29:1@b174982@f1 | |
| 孔府档案选编.上册/中国社科院编.-北京:中华书局,1982.6 |
| 398页;20cm |
| ISBN :CNY2.70 |
| ● |
| 相关链接 |
|
|
|
|
正题名:孔府档案选编
索取号:K206.3/29:1
 
预约/预借
| 序号 | 登录号 | 条形码 | 馆藏地/架位号 | 状态 | 备注 |
| 1 | 0174982 | 001180750 | 第二借阅区/ [索取号:K206.3/29:1] | 在馆 | |
| 2 | 0174983 | 001180741 | 第二借阅区/ [索取号:K206.3/29:1] | 在馆 | |
| 3 | 0174984 | 202113514 | 第二样本阅览室/ [索取号:K206.3/29:1] | 在馆 | |
| 4 | 0786784 | 207867842 | 密集书库/ [索取号:K206.3/29:1] | 在馆 |